000
00334nam a2200133Ia 4500
008
240624s9999 xx 000 0 und d
041
_a
eng
082
_a
658.314 FOY
100
_a
FOY NANCY
245
_a
EMPOWERIGN PEOPLE AT WORK
260
_c
1996
_a
Mumbai
_b
Jaico Publishing House
300
_a
xx, : 268 : p. : cm. ; 24
365
_c
RS
999
_c
771
_d
771